000 00633nam a22002650a 4500
001 PT34669
003 AR-LpoUNG
005 20210131230209.0
008 191001s1994||||sp |||||||||||||||||spa d
020 _a8434838494
_c$11.25
040 _aAR-LpoUNG
_bspa
_cAR-LpoUNG
_eaacr
041 _aspa
044 _asp
082 0 _a808.068 3 311car
100 1 _aCarranza, Maite
245 1 0 _aCarolina cabezahueca
250 _a2da. ed.
260 _aMadrid :
_bSM,
_c1994.
300 _a31 p. :
_bil.
650 4 _aCUENTOS
653 _aLITERATURA INFANTIL
700 1 _aPérez Alonso, Olga
905 _a34669
942 _cLIB
999 _c2053
_d2053